| 000 | 00464nam a2200181Ia 4500 | ||
|---|---|---|---|
| 008 | 230524s9999 xx 000 0 und d | ||
| 020 | _a9780198098386 | ||
| 082 | _bDAN | ||
| 100 |
_aIsaac M.Daniel _942634 |
||
| 245 | 0 | _aEngineering Mechanics of Composite Materials | |
| 250 | _a2 | ||
| 260 |
_aNew Delhi _bWiley India _c2015 |
||
| 300 | _a"XIII,403p;" | ||
| 500 | _aQuantity Number: 1 | ||
| 650 | _aMechanics | ||
| 700 |
_aOri Ishai _942635 |
||
| 942 | _cBK | ||
| 999 |
_c57648 _d57648 |
||